000 00881nam a2200301Ia 4500
003 OSt
005 20220912144613.0
006 a|||||r|||| 00| 0
007 ta
008 220909b |||||||| |||| 00| 0 eng d
020 _a9780135132951 (hbk)
020 _aSL01535607
024 _a162992
037 _b171, 10/11/2011, N R Book Distributors
037 _cTextual
040 _aCSL
_beng
_cCSL
041 _aeng
082 _aK860bJ, N9;P9 TK
100 _aPedigo Larry P; Rice Marlin E
245 0 _aEntomology and pest management
250 _a6
260 _aNew Jersey
_b Pearson
_c2009
300 _axxvi; 784p.
500 _aAppendix 637-744p.
700 _aPedigo Larry P; Rice Marlin E
942 _hK860bJ, N9;P9 TK
_cTEXL
_2CC
999 _c13339
_d13339